States, Ideologies, and Social Revolutions : (Record no. 609010)

MARC details
000 -LEADER
fixed length control field 00533nam a2200193 a 4500
008 - FIXED-LENGTH DATA ELEMENTS--GENERAL INFORMATION
fixed length control field 260122s2000##################000#0#eng##
020 ## - INTERNATIONAL STANDARD BOOK NUMBER
ISBN 9780521774307
082 04 - DEWEY DECIMAL CLASSIFICATION NUMBER
Classification number 303.64
Item number PAR
100 1# - MAIN ENTRY--AUTHOR NAME
Personal name Parsa, Misagh,
245 10 - TITLE STATEMENT
Title States, Ideologies, and Social Revolutions :
260 ## - PUBLICATION, DISTRIBUTION, ETC. (IMPRINT)
Name of publisher Cambridge University Press,
Year of publication 2000.
300 ## - PHYSICAL DESCRIPTION
Number of Pages 340 pages
650 #0 - SUBJECT ADDED ENTRY--TOPICAL TERM
Topical Term Business & Economics.
942 ## - ADDED ENTRY ELEMENTS (KOHA)
Koha item type English Books
Holdings
Withdrawn status Lost status Damaged status Not for loan Home library Current library Shelving location Date acquired Full call number Accession Number Price effective from Koha item type
        Anna Centenary Library Anna Centenary Library 3RD FLOOR, B WING 23.01.2026 303.64 PAR 97651 23.01.2026 English Books

Find us on the map